The Carabao-turtle race : (Record no. 2441)
[ view plain ]
| 000 -LEADER | |
|---|---|
| fixed length control field | 00675nam a22002417a 4500 |
| 003 - CONTROL NUMBER IDENTIFIER | |
| control field | OSt |
| 005 - DATE AND TIME OF LATEST TRANSACTION | |
| control field | 20140310181732.0 |
| 008 - FIXED-LENGTH DATA ELEMENTS--GENERAL INFORMATION | |
| fixed length control field | 121211t xxu||||| |||| 00| 0 eng d |
| 020 ## - INTERNATIONAL STANDARD BOOK NUMBER | |
| International Standard Book Number | 9716300166 |
| 050 ## - LIBRARY OF CONGRESS CALL NUMBER | |
| Classification number | PN 989.P5 |
| Item number | .V468 1993 |
| 082 ## - DEWEY DECIMAL CLASSIFICATION NUMBER | |
| Classification number | FIL 398.245 |
| Item number | V55 1993 |
| 100 ## - MAIN ENTRY--PERSONAL NAME | |
| Personal name | Ventura, Sylvia Mendez |
| 245 ## - TITLE STATEMENT | |
| Title | The Carabao-turtle race : |
| Statement of responsibility, etc | Sylvia Mendez Ventura. |
| Remainder of title | and other classic Philippine animal folktales / |
| 260 ## - PUBLICATION, DISTRIBUTION, ETC. (IMPRINT) | |
| Place of publication, distribution, etc | Manila : . |
| Name of publisher, distributor, etc | Tahanan Books for Young Readers, |
| Date of publication, distribution, etc | 1993. |
| 300 ## - PHYSICAL DESCRIPTION | |
| Extent | 56 p. ; |
| Other physical details | ill. ; |
| Dimensions | 26 cm. |
| 650 ## - SUBJECT ADDED ENTRY--TOPICAL TERM | |
| Topical term or geographic name as entry element | Folktales |
| 942 ## - ADDED ENTRY ELEMENTS (KOHA) | |
| Source of classification or shelving scheme | Library of Congress Classification |
| Koha item type | Books |
| Withdrawn status | Lost status | Source of classification or shelving scheme | Damaged status | Home library | Current library | Shelving location | Date acquired | Total Checkouts | Full call number | Barcode | Date last seen | Copy number | Price effective from | Koha item type | Source of acquisition | Total Renewals | Date checked out |
|---|---|---|---|---|---|---|---|---|---|---|---|---|---|---|---|---|---|
| Library of Congress Classification | Luxembourg Library | Luxembourg Library | Filipiniana Section | 03/18/2013 | PN 989P5 .V468 1993 | 2877 | 05/27/2015 | 1 | 10/03/2013 | Books | |||||||
| Library of Congress Classification | Luxembourg Library | Luxembourg Library | Filipiniana Section | 06/27/2013 | PN 989.P5 .V468 1993 | 4198 | 08/13/2013 | 2 | 06/27/2013 | Books | Donation | ||||||
| Library of Congress Classification | Luxembourg Library | Luxembourg Library | Filipiniana Section | 06/27/2013 | 1 | PN 989P5 .V468 1993 | 8895 | 08/23/2018 | 3 | 06/27/2013 | Books | 1 | 08/08/2018 | ||||
| Library of Congress Classification | Luxembourg Library | Luxembourg Library | Filipiniana Section | 06/27/2013 | PN 989P5 .V468 1993 | 10386 | 08/13/2013 | 4 | 06/27/2013 | Books | |||||||
| Library of Congress Classification | Luxembourg Library | Luxembourg Library | Filipiniana Section | 12/12/2013 | 1 | PN 989P5 .V468 1993 | 5609 | 08/17/2018 | 12/12/2013 | Books | 08/07/2018 |